Where is Jake? (Record no. 7391)

MARC details
000 -LEADER
fixed length control field 00861nam a22002897a 4500
001 - CONTROL NUMBER
control field 7391
003 - CONTROL NUMBER IDENTIFIER
control field FISKH
005 - DATE AND TIME OF LATEST TRANSACTION
control field 20250711143601.0
008 - FIXED-LENGTH DATA ELEMENTS--GENERAL INFORMATION
fixed length control field 250711b cb ||||| |||| 00| 0 eng d
020 ## - INTERNATIONAL STANDARD BOOK NUMBER
International Standard Book Number 9780516229577
040 ## - CATALOGING SOURCE
Original cataloging agency FISKH
Language of cataloging eng
Transcribing agency FISKH
Modifying agency FISKH
050 ## - LIBRARY OF CONGRESS CALL NUMBER
Classification number PZ7.P1247 W
082 ## - DEWEY DECIMAL CLASSIFICATION NUMBER
Classification number 813.54
100 ## - MAIN ENTRY--PERSONAL NAME
Personal name Packard, Mary
245 ## - TITLE STATEMENT
Title Where is Jake?
Statement of responsibility, etc. by Mary Packard ; illustrated by Joy Allen
250 ## - EDITION STATEMENT
Edition statement This edition published in 2003
260 ## - PUBLICATION, DISTRIBUTION, ETC.
Place of publication, distribution, etc. New York :
Name of publisher, distributor, etc. Scholastic,
Date of publication, distribution, etc. 1990
300 ## - PHYSICAL DESCRIPTION
Extent 30 pages :
Other physical details color illustrations ;
Dimensions 21 cm
505 ## - FORMATTED CONTENTS NOTE
Formatted contents note aa<br/>
520 ## - SUMMARY, ETC.
Summary, etc. Two children search in many places for their dog, who stays just a step ahead of them.
521 8# - TARGET AUDIENCE NOTE
Target audience note 20<br/>
Source Lexile<br/>
521 8# - TARGET AUDIENCE NOTE
Target audience note aa<br/>
Source Raz-Plus<br/>
650 ## - SUBJECT ADDED ENTRY--TOPICAL TERM
Topical term or geographic name entry element Animals
Form subdivision Dogs
700 ## - ADDED ENTRY--PERSONAL NAME
Personal name Allen, Joy
Relator term illustrator
942 ## - ADDED ENTRY ELEMENTS (KOHA)
Source of classification or shelving scheme Dewey Decimal Classification
Koha item type Books
Suppress in OPAC No
Holdings
Withdrawn status Lost status Source of classification or shelving scheme Damaged status Not for loan Collection Home library Current library Shelving location Date acquired Total Checkouts Full call number Barcode Date last seen Copy number Price effective from Koha item type
    Dewey Decimal Classification     Juvenile Fiction Footprints International School Library Network Toul Kork Campus Footprints International School Library Network Toul Kork Campus TK Primary Library Room(4th Floor), Bookcase 7, Shelves 57-60, Dark Green Books 07/11/2025   PAC 813.54 PZ7.P1247 W FISTK03903 07/11/2025 1 07/11/2025 Books
    Dewey Decimal Classification     Juvenile Fiction Footprints International School Library Network Toul Tom Poung Campus Footprints International School Library Network Toul Tom Poung Campus TTP Primary Green Bookshelves 08/06/2025   PAC 813.54 PZ7.P1247 W FIS03328 08/06/2025 2 08/06/2025 Books